| 000 | 01576 am a2200445ua 4500 | ||
|---|---|---|---|
| 999 |
_c200425681 _d43604 |
||
| 003 | TR-AnTOB | ||
| 005 | 20190322123529.0 | ||
| 008 | 161007s2016 tu ab 000*0 tur Z | ||
| 020 | _a9786056366833 | ||
| 040 |
_aTR-AnTOB _beng _cTR-AnTOB _dTR-AnTOB _erda |
||
| 041 | _atur | ||
| 050 | 0 | 0 |
_aDS54.9 _bA93 2016 |
| 090 |
_aDS54.9 _bA93 2016 |
||
| 100 | 1 | _aAvcı, Fuat | |
| 245 | 1 | 0 |
_aKıbrıs Türk halkının varoluş savaşı ve Rauf R. Denktaş / _cFuat Avcı, Zekai Doğanay, Ali Fikret Atun ; editör Ahmet Zeki Bulunç. |
| 250 | _a1. basım | ||
| 264 |
_aAnkara : _bKıbrıs Türk Kültür Derneği Genel Merkezi Yayını; _c2016. |
||
| 300 |
_axviii, 431 pages : _bres.,hrt. ; _c24 cm |
||
| 336 |
_2rdacontent _atext |
||
| 337 |
_2rdamedia _aunmediated |
||
| 338 |
_2rdacarrier _avolume |
||
| 490 | 0 |
_aKıbrıs Türk Kültür Derneği Yayını ; _v23 |
|
| 500 | _aKütüphanede 2 kopya bulunmaktadır. | ||
| 504 | _aKaynakça: s. 425-431. | ||
| 590 | _aDonated by Kıbrıs Türk Kültür Derneği. | ||
| 600 | 1 | 0 |
_aDenktaş, Rauf R. _xBiography. |
| 600 | 1 | 4 |
_aDenktaş, Rauf R. _xBiyografi. |
| 650 | 0 |
_aTurkish peoples _zCyprus. |
|
| 650 | 0 |
_aCyprian War, _d1570-1571. |
|
| 650 | 4 |
_aTürk halkı _zKıbrıs. |
|
| 650 | 4 |
_aKıbrıs Savaşı, _d1570-1571. |
|
| 651 | 0 |
_aCyprus _xHistory. |
|
| 651 | 4 |
_aKıbrıs _xTarih. |
|
| 700 | 1 |
_aDoğanay, Zekai, _ejoint author |
|
| 700 | 1 |
_aAtun, Ali Fikret, _ejoint author |
|
| 700 | 1 |
_aBulunç, Zeki, _eedited |
|
| 907 | _aKIBRIS TÜRK KÜLTÜR DERNEĞİ | ||
| 942 |
_2lcc _cBK |
||